000
00278nam a22001217a 4500
008
181019b xxu||||| |||| 00| 0 eng d
041
_a
eng
080
_a
541
100
_a
12
101
_a
KIM
245
_a
Organic Chemistry College Chemistry
_c
Morrison.p
942
_2
udc
_c
BK
999
_c
50238
_d
50238